000 00560nam a2200217Ia 4500
001 1437
003 GE_BSU
008 181216s||||||||xx |||||||||||||| ||und||
020 _a9789668933295
040 _cGE_BSU
080 _a611
100 _aZADNIPRYANY., V. IGOR.
245 _aHuman Anatomy.THe cardiovascular system.
245 4 _bThe Structure of the human body.Structure,Development, Function,Clinical Importance.
260 _aSIMFEROPOL.
260 _c2008.
300 _a208 c.
541 _h170 G.
653 _aHuman Anatomy.
942 _cBK
999 _c35575
_d35575